| 000 | 00770nam a22002177a 4500 | ||
|---|---|---|---|
| 003 | OSt | ||
| 005 | 20150408114140.0 | ||
| 008 | 130921s 2012su ||||g |||| 00| 0 ara d | ||
| 020 | _a9786035032315 | ||
| 040 | _aMau | ||
| 082 |
_a158.1 _bب ي ق |
||
| 100 |
_aبكار، ياسر عبد الكريم _937013 |
||
| 245 |
_aالقوة في يديك : _bكيف تنمي ذكاءك العاطفي؟ / _cياسر عبد الكريم بكار. |
||
| 250 | _aط. 3. | ||
| 260 |
_aالرياض : _bالعبيكان للنشر، _c2012 1433 |
||
| 300 |
_a232 ص. ؛ _c22 سم. |
||
| 504 | _aيشتمل علي ارجاعات ببليوجرافية | ||
| 650 |
_aالشخصية _xجوانب نفسية _914736 |
||
| 650 |
_aالعواطف _937014 |
||
| 942 |
_2ddc _cBOOK |
||
| 999 |
_c30751 _d265251 |
||